| 000 | 01033nam a22003377a 4500 | ||
|---|---|---|---|
| 003 | CHAP | ||
| 005 | 20220329135155.0 | ||
| 008 | 971013s1962 r 00010 d | ||
| 010 | _a32136 | ||
| 011 | _a33108 | ||
| 035 | _a37223 | ||
| 040 | _cCHAP | ||
| 082 |
_a591.9 _bN5 |
||
| 100 | 0 | 0 |
_aNichols, David. _981149 |
| 245 | _aTaxonomy and geography ; a symposium | ||
| 260 |
_aLondon : _bThe Systematics Association, _c1962 |
||
| 300 |
_a158 p. _b: ilus. |
||
| 490 |
_aPublication _v; 4 |
||
| 590 |
_aBATCH-UPD _b10 _c20130110 _lUCH01 _h1939 |
||
| 590 |
_aBATCH-UPD _b10 _c20130410 _lUCH01 _h1302 |
||
| 590 |
_aBATCH-UPD _b10 _c20130914 _lUCH01 _h0730 |
||
| 590 |
_aCONVERSION _b10 _c20130109 _lUCH01 _h1318 |
||
| 650 | 1 | 4 |
_aBotánica _xClasificación. _914516 |
| 650 | 1 | 4 |
_aFitogeografía. _941157 |
| 650 | 1 | 4 |
_aZoogeografía. _9124148 |
| 650 | 1 | 4 |
_aZoología _xClasificación. _9124164 |
| 830 | 0 |
_aPublication _v; 4 _992792 |
|
| 901 | _aBK | ||
| 942 | _cLIBRO | ||
| 949 |
_a591.9 N5 _bBC _cLIBRO _d33724000367355 _eLIBRO _h3943 _i37223 _si |
||
| 999 |
_c32136 _d32136 |
||